[Event "CECLUB Primera División"]
[Site "Linares"]
[Date "2017.08.16"]
[Round "3"]
[White "Ortin Blanco, Ainhoa"]
[Black "Nicolas Zapata, Irene"]
[Result "1/2-1/2"]
[Board "5"]
[WhiteElo "1961"]
[WhiteCountry "ESP"]
[WhiteFideId "32010117"]
[WhiteEloChange "7"]
[BlackTitle "WIM"]
[BlackElo "2287"]
[BlackCountry "ESP"]
[BlackFideId "22247270"]
[BlackEloChange "-7"]

1. d4 {[%clk 1:30:30]} Nf6 {[%clk 1:30:30]} 2. c4 {[%clk 1:30:30]} e6 {[%clk
1:30:30]} 3. Nc3 {[%clk 1:30:30]} d5 {[%clk 1:30:30]} 4. cxd5 {[%clk 1:30:30]}
exd5 {[%clk 1:30:30]} 5. Bg5 {[%clk 1:30:30]} c6 {[%clk 1:30:30]} 6. e3 {[%clk
1:30:30]} Be7 {[%clk 1:30:30]} 7. Qc2 {[%clk 1:30:30]} Nbd7 {[%clk 1:30:30]} 8.
Bd3 {[%clk 1:30:30]} Nf8 {[%clk 1:30:30]} 9. Nge2 {[%clk 1:30:30]} Ne6 {[%clk
1:30:30]} 10. Bh4 {[%clk 1:30:30]} Bd7 {[%clk 1:30:30]} 11. f3 {[%clk 1:30:30]}
Rc8 {[%clk 1:30:30]} 12. O-O {[%clk 1:30:30]} c5 {[%clk 1:30:30]} 13. dxc5 {[%clk
1:30:30]} Bxc5 {[%clk 1:30:30]} 14. Bf2 {[%clk 1:30:30]} O-O {[%clk 1:30:30]} 15.
Qd2 {[%clk 1:30:30]} Qb6 {[%clk 1:30:30]} 16. Bc2 {[%clk 1:30:30]} Rfd8 {[%clk
1:30:30]} 17. Rfd1 {[%clk 1:30:30]} g6 {[%clk 1:30:30]} 18. Ba4 {[%clk 1:30:30]}
Qa6 {[%clk 1:30:30]} 19. Bxd7 {[%clk 1:30:30]} Rxd7 {[%clk 1:30:30]} 20. Qd3
{[%clk 1:30:30]} Qxd3 {[%clk 1:30:30]} 21. Rxd3 {[%clk 1:30:30]} Bf8 {[%clk
1:30:30]} 22. Rad1 {[%clk 1:30:30]} Bh6 {[%clk 1:30:30]} 23. e4 {[%clk 1:30:30]}
d4 {[%clk 1:30:30]} 24. Bxd4 {[%clk 1:30:30]} Nxd4 {[%clk 1:30:30]} 25. Nxd4
{[%clk 1:30:30]} Rcd8 {[%clk 1:30:30]} 26. Kf2 {[%clk 1:30:30]} a6 {[%clk
1:30:30]} 27. Ke2 {[%clk 1:30:30]} Nh5 {[%clk 1:30:30]} 28. g3 {[%clk 1:30:30]}
Re8 {[%clk 1:30:30]} 29. Nf5 {[%clk 1:30:30]} Rxd3 {[%clk 1:30:30]} 30. Nxh6+
{[%clk 1:30:30]} Kg7 {[%clk 1:30:30]} 31. Rxd3 {[%clk 1:30:30]} Kxh6 {[%clk
1:30:30]} 32. Rd7 {[%clk 1:30:30]} f5 {[%clk 1:30:30]} 33. Rxb7 {[%clk 1:30:30]}
fxe4 {[%clk 1:30:30]} 34. Nxe4 {[%clk 1:30:30]} Nf6 {[%clk 1:30:30]} 35. Kd3
{[%clk 1:30:30]} Rd8+ {[%clk 1:30:30]} 36. Kc2 {[%clk 1:30:30]} Nd5 {[%clk
1:30:30]} 37. Kb3 {[%clk 1:30:30]} g5 {[%clk 1:30:30]} 38. Ra7 {[%clk 1:30:30]}
Rb8+ {[%clk 1:30:30]} 39. Ka3 {[%clk 1:30:30]} Nb4 {[%clk 1:30:30]} 40. Ka4
{[%clk 1:30:30]} g4 {[%clk 1:30:30]} 41. a3 {[%clk 1:30:30]} Nd3 {[%clk 1:30:30]}
42. Rxa6+ {[%clk 1:30:30]} Kg7 {[%clk 1:30:30]} 43. b4 {[%clk 1:30:30]} gxf3
{[%clk 1:30:30]} 44. Rf6 {[%clk 1:30:30]} Ne1 {[%clk 1:30:30]} 45. Rf4 {[%clk
1:30:30]} Re8 {[%clk 1:30:30]} 46. Ng5 {[%clk 1:30:30]} Re3 {[%clk 1:30:30]} 47.
b5 {[%clk 1:30:30]} h6 {[%clk 1:30:30]} 48. Nh3 {[%clk 1:30:30]} Nc2 {[%clk
1:30:30]} 49. b6 {[%clk 1:30:30]} Rxa3+ {[%clk 1:30:30]} 50. Kb5 {[%clk 1:30:30]}
Rb3+ {[%clk 1:30:30]} 51. Ka6 {[%clk 1:30:30]} Nb4+ {[%clk 1:30:30]} 52. Ka7
{[%clk 1:30:30]} Nd5 {[%clk 1:30:30]} 53. Rg4+ {[%clk 1:30:30]} Kf7 {[%clk
1:30:30]} 54. b7 {[%clk 1:30:30]} Ra3+ {[%clk 1:30:30]} 55. Kb8 {[%clk 1:30:30]}
Ke7 {[%clk 1:30:30]} 56. Nf2 {[%clk 1:30:30]} Nf6 {[%clk 1:30:30]} 57. Kc7 {[%clk
1:30:30]} Rc3+ {[%clk 1:30:30]} 58. Kb6 {[%clk 1:30:30]} Rb3+ {[%clk 1:30:30]}
59. Ka7 {[%clk 1:30:30]} Ra3+ {[%clk 1:30:30]} 60. Kb6 {[%clk 1:30:30]} Rb3+
{[%clk 1:30:30]} 61. Ka7 {[%clk 1:30:30]} Ra3+ {[%clk 1:30:30]} 62. Kb6 {[%clk
1:30:30]} Nxg4 {[%clk 1:30:30]} 63. Nxg4 {[%clk 1:30:30]} h5 {[%clk 1:30:30]} 64.
Nf2 {[%clk 1:30:30]} Ke6 {[%clk 1:30:30]} 65. b8Q {[%clk 1:30:30]} Rb3+ {[%clk
1:30:30]} 66. Kc7 {[%clk 1:30:30]} Rxb8 {[%clk 1:30:30]} 67. Kxb8 {[%clk
1:30:30]} Ke5 {[%clk 1:30:30]} 68. h4 {[%clk 1:30:30]} Kd4 {[%clk 1:30:30]} 69.
g4 {[%clk 1:30:30]} Ke3 {[%clk 1:30:30]} 70. gxh5 {[%clk 1:30:30]} Kxf2 {[%clk
1:30:30]} 71. h6 {[%clk 1:30:30]} Kg3 {[%clk 1:30:30]} 72. h7 {[%clk 1:30:30]} f2
{[%clk 1:30:30]} 73. h8Q {[%clk 1:30:30]} f1Q {[%clk 1:30:30]} 74. Qg7+ {[%clk
1:30:30]} Kxh4 {[%clk 1:30:30]} 1/2-1/2

[Event "CECLUB Primera División"]
[Site "Linares"]
[Date "2017.08.19"]
[Round "6"]
[White "Moreno Ruiz, Javier"]
[Black "Cordova, Emilio"]
[Result "0-1"]
[Board "2"]
[WhiteTitle "IM"]
[WhiteElo "2460"]
[WhiteCountry "ESP"]
[WhiteFideId "2203146"]
[WhiteEloChange "-3"]
[BlackTitle "GM"]
[BlackElo "2629"]
[BlackCountry "PER"]
[BlackFideId "3801497"]
[BlackEloChange "3"]

1. d4 {[%clk 1:30:30]} Nf6 {[%clk 1:30:30]} 2. c4 {[%clk 1:30:30]} e6 {[%clk
1:30:30]} 3. Nc3 {[%clk 1:30:30]} Bb4 {[%clk 1:30:30]} 4. f3 {[%clk 1:30:30]} c5
{[%clk 1:30:30]} 5. d5 {[%clk 1:30:30]} exd5 {[%clk 1:30:30]} 6. cxd5 {[%clk
1:30:30]} O-O {[%clk 1:30:30]} 7. e4 {[%clk 1:30:30]} d6 {[%clk 1:30:30]} 8. Ne2
{[%clk 1:30:30]} a6 {[%clk 1:30:30]} 9. Ng3 {[%clk 1:30:30]} b5 {[%clk 1:30:30]}
10. Be2 {[%clk 1:30:30]} c4 {[%clk 1:30:30]} 11. Be3 {[%clk 1:30:30]} Ba5 {[%clk
1:30:30]} 12. O-O {[%clk 1:30:30]} Nbd7 {[%clk 1:30:30]} 13. Kh1 {[%clk 1:30:30]}
Re8 {[%clk 1:30:30]} 14. Bd4 {[%clk 1:30:30]} Bb6 {[%clk 1:30:30]} 15. b4 {[%clk
1:30:30]} h5 {[%clk 1:30:30]} 16. a4 {[%clk 1:30:30]} Nf8 {[%clk 1:30:30]} 17.
axb5 {[%clk 1:30:30]} h4 {[%clk 1:30:30]} 18. Nf5 {[%clk 1:30:30]} Bxf5 {[%clk
1:30:30]} 19. exf5 {[%clk 1:30:30]} Bxd4 {[%clk 1:30:30]} 20. Qxd4 {[%clk
1:30:30]} axb5 {[%clk 1:30:30]} 21. Qxh4 {[%clk 1:30:30]} Nxd5 {[%clk 1:30:30]}
22. Qxd8 {[%clk 1:30:30]} Raxd8 {[%clk 1:30:30]} 23. Nxd5 {[%clk 1:30:30]} Rxe2
{[%clk 1:30:30]} 24. Ra5 {[%clk 1:30:30]} Rb8 {[%clk 1:30:30]} 25. Rd1 {[%clk
1:30:30]} Nd7 {[%clk 1:30:30]} 26. Kg1 {[%clk 1:30:30]} Nf6 {[%clk 1:30:30]} 27.
Nc3 {[%clk 1:30:30]} Rc2 {[%clk 1:30:30]} 28. Nxb5 {[%clk 1:30:30]} c3 {[%clk
1:30:30]} 29. Nd4 {[%clk 1:30:30]} Rb2 {[%clk 1:30:30]} 30. b5 {[%clk 1:30:30]}
Nd5 {[%clk 1:30:30]} 31. Rc1 {[%clk 1:30:30]} Re8 {[%clk 1:30:30]} 32. h3 {[%clk
1:30:30]} Re3 {[%clk 1:30:30]} 33. Ra8+ {[%clk 1:30:30]} Kh7 {[%clk 1:30:30]} 34.
Rc8 {[%clk 1:30:30]} Rd2 {[%clk 1:30:30]} 35. Nb3 {[%clk 1:30:30]} Ree2 {[%clk
1:30:30]} 36. Nxd2 {[%clk 1:30:30]} cxd2 {[%clk 1:30:30]} 37. Kf1 {[%clk
1:30:30]} dxc1Q+ {[%clk 1:30:30]} 38. Rxc1 {[%clk 1:30:30]} Rb2 {[%clk 1:30:30]}
39. g4 {[%clk 1:30:30]} Rxb5 {[%clk 1:30:30]} 0-1